| 000 | 00673nab a22001817 4500 | ||
|---|---|---|---|
| 003 | ES-SlBCS | ||
| 005 | 20260303170041.0 | ||
| 008 | 250426s2026 sp ||||| |||| 00| 0 spa d | ||
| 040 |
_aES-SlBCS _bspa |
||
| 041 | _aspa | ||
| 100 | 1 |
_aLado, Ludovic _954714 |
|
| 245 | 1 | 0 |
_aMás allá del multipartidismo y las elecciones: retos democráticos en África _cLudovic Lado, Théodore Ntsengue, Jérome Bountsebe y Eméran J. Evega Eyenga Onana |
| 700 | 1 |
_aNtsengue, Théodore _9429324 |
|
| 700 | 1 |
_aBountsebe, Jérome _9429325 |
|
| 700 | 1 |
_aOnana, Eméran J. Evega Eyenga _9429326 |
|
| 773 | 0 |
_gNúm. 414, 2026, págs. 11-24 _tConcilium _wRev134 _x0210-1041 |
|
| 942 |
_2lcc _cAR |
||
| 999 |
_c903966 _d903966 |
||